ბათუმის შოთა რუსთაველის სახელმწიფო უნივერსიტეტის ბიბლიოთეკა

Basic Stochastic Processes : (ბიბ.ჩანაწერი № 41068)

000 -LEADER
fixed length control field 00766nam a2200229Ia 4500
001 - CONTROL NUMBER
control field 7717
003 - CONTROL NUMBER IDENTIFIER
control field GE_BSU
005 - DATE AND TIME OF LATEST TRANSACTION
control field 20210531140542.0
008 - FIXED-LENGTH DATA ELEMENTS--GENERAL INFORMATION
fixed length control field 181216s2005||||enk|||||||||||||| ||eng||
020 ## - INTERNATIONAL STANDARD BOOK NUMBER
International Standard Book Number 3540761756
040 ## - CATALOGING SOURCE
Transcribing agency GE_BSU
041 ## - LANGUAGE CODE
Language code of text/sound track or separate title eng
080 ## - UNIVERSAL DECIMAL CLASSIFICATION NUMBER
Universal Decimal Classification number 519.2 B-84
100 ## - MAIN ENTRY--PERSONAL NAME
Personal name Brzezniak, Zdzislaw
9 (RLIN) 11920
245 ## - TITLE STATEMENT
Title Basic Stochastic Processes :
Remainder of title A Course Through Exercises.
Statement of responsibility, etc. Zdzislaw Brzezniak and Tomasz Zastawniak; Board: P.J.Cameron, M.A.J.Chaplain,and other.
264 ## - PRODUCTION, PUBLICATION, DISTRIBUTION, MANUFACTURE, AND COPYRIGHT NOTICE
Place of production, publication, distribution, manufacture London:
Name of producer, publisher, distributor, manufacturer Springer,
Date of production, publication, distribution, manufacture, or copyright notice 2005.
300 ## - PHYSICAL DESCRIPTION
Extent 226 p. ;
Other physical details 24 cm.
653 ## - INDEX TERM--UNCONTROLLED
keyword Basic Stochastic Processes.
653 ## - INDEX TERM--UNCONTROLLED
keyword მათემატიკური ოპერაციები
700 ## - ADDED ENTRY--PERSONAL NAME
Personal name Zastawniak, Tomasz.
Relator term ავტორი
9 (RLIN) 11921
942 ## - ADDED ENTRY ELEMENTS (KOHA)
Koha item type წიგნი
Source of classification or shelving scheme
ეგზემპლარები
Withdrawn status Lost status Source of classification or shelving scheme Damaged status Not for loan Permanent Location Current Location Shelving location Date acquired Cost, normal purchase price Full call number Barcode Date last seen Copy number Price effective from Koha item type Public note
          ბათუმის შოთა რუსთაველის სახელმწიფო უნივერსიტეტის მთავარი ბიბლიოთეკა ბათუმის შოთა რუსთაველის სახელმწიფო უნივერსიტეტის მთავარი ბიბლიოთეკა წიგნსაცავი 2018-12-17 58.00 519.2 B-84 24053 2018-12-17 24053 2018-12-17 წიგნი 58 ლ.
          ბათუმის შოთა რუსთაველის სახელმწიფო უნივერსიტეტის მთავარი ბიბლიოთეკა ბათუმის შოთა რუსთაველის სახელმწიფო უნივერსიტეტის მთავარი ბიბლიოთეკა წიგნსაცავი 2018-12-17 58.00 519.2 B-84 24054 2018-12-17 24054 2018-12-17 წიგნი 58 ლ.
          ბათუმის შოთა რუსთაველის სახელმწიფო უნივერსიტეტის მთავარი ბიბლიოთეკა ბათუმის შოთა რუსთაველის სახელმწიფო უნივერსიტეტის მთავარი ბიბლიოთეკა წიგნსაცავი 2018-12-17 58.00 519.2 B-84 24055 2018-12-17 24055 2018-12-17 წიგნი 58 ლ.
          ბათუმის შოთა რუსთაველის სახელმწიფო უნივერსიტეტის მთავარი ბიბლიოთეკა ბათუმის შოთა რუსთაველის სახელმწიფო უნივერსიტეტის მთავარი ბიბლიოთეკა წიგნსაცავი 2018-12-17 58.00 519.2 B-84 24056 2018-12-17 24056 2018-12-17 წიგნი 58 ლ.
          ბათუმის შოთა რუსთაველის სახელმწიფო უნივერსიტეტის მთავარი ბიბლიოთეკა ბათუმის შოთა რუსთაველის სახელმწიფო უნივერსიტეტის მთავარი ბიბლიოთეკა წიგნსაცავი 2018-12-17 58.00 519.2 B-84 24057 2018-12-17 24057 2018-12-17 წიგნი 58 ლ.